Estudio jurídico sobre la realidad nacional
Gardado en:
| Autor Corporativo: | |
|---|---|
| Formato: | Libro |
| Idioma: | Lingua castelá |
| Publicado: |
Valparaíso
Universidad Católica de Valparaíso
1973
|
| Subjects: | |
| Tags: |
Engadir etiqueta
Sen Etiquetas, Sexa o primeiro en etiquetar este rexistro!
|
MARC
| LEADER | 00000nam a2200000 a 4500 | ||
|---|---|---|---|
| 001 | UCT8855 | ||
| 003 | CL-VaPUC | ||
| 008 | 970326e19730700CL |||||||||||||||||spa|d | ||
| 082 | 0 | 4 | |a 340.094 |b ESC |2 21 |
| 110 | 2 | |a Escuela de Derecho Universidad Católica de Valparaíso |e author |9 381004 | |
| 245 | 1 | 0 | |a Estudio jurídico sobre la realidad nacional |
| 300 | |a 380 h | ||
| 942 | |c BK | ||
| 945 | |d 19970326 00:00:00 |a paguirre | ||
| 260 | |a Valparaíso |b Universidad Católica de Valparaíso |c 1973 | ||
| 650 | 0 | |a Derecho constitucional |9 222588 | |
| 650 | 0 | |a Estado de derecho |9 257795 | |
| 650 | 0 | |a Libertad |9 255686 | |
| 650 | 0 | |a Familias |9 255641 | |
| 650 | 0 | |a Educación |9 258661 | |
| 650 | 7 | |a REGIMENES DE EMERGENCIA |2 CL-VaPUC |9 381005 | |
| 650 | 0 | |a Derecho económico |9 259197 | |
| 651 | 7 | |a CHILE |2 CL-VaPUC |9 381006 | |
| 583 | |a last modification |c 19970326 00:00:00 |k Rodrigo Vera | ||
| 999 | |c 257328 |d 257326 | ||
| 952 | |0 0 |1 0 |4 0 |6 340_094000000000000_ESC_1973 |7 0 |8 A |9 280711 |a BIBDER |b BIBDER |d 2019-11-19 |i 1818686 |o 340.094 ESC 1973 |p 1818686 |r 2023-01-25 |w 2019-11-19 |y BK |k DER | ||
| 952 | |0 0 |1 0 |4 0 |6 340_094000000000000_ESC_1973 |7 0 |8 A |9 280712 |a BIBDER |b BIBDER |d 2019-11-19 |i 1818694 |o 340.094 ESC 1973 |p 1818694 |r 2023-01-25 |w 2019-11-19 |y BK |k DER | ||
| 952 | |0 0 |1 0 |4 0 |6 340_094000000000000_ESC_1973 |7 0 |8 A |9 280713 |a BIBDER |b BIBDER |d 2019-11-19 |i 195492K |o 340.094 ESC 1973 |p 195492K |r 2023-01-25 |w 2019-11-19 |y BK |k DER | ||
| 952 | |0 0 |1 0 |4 0 |6 340_094000000000000_ESC_1973 |7 0 |8 A |9 280714 |a BIBDER |b BIBDER |d 2019-11-19 |i 3639428 |l 1 |o 340.094 ESC 1973 |p 3639428 |r 2024-10-17 |s 2024-10-10 |w 2019-11-19 |y BK |k DER | ||